Click Phases of the Moon - Statistics

General Stats
  • This quiz has been taken 124 times
  • The average score is 6 of 8
Answers on the Map
Answers color-coded by a green-red scale on the quiz's map according to % correct below.
 
Answer Stats
Answer % Correct
Full Moon
99%
New Moon
79%
Waning Crescent
69%
Third Quarter
65%
Waxing Crescent
64%
Waning Gibbous
63%
Waxing Gibbous
61%
First Quarter
60%
No matching quizzes found
Score Distribution
Percent of People with Each Score
Percentile by Number Answered
Your Score History
You have not taken this quiz